Politicas del sujeto /

Guardat en:
Dades bibliogràfiques
Autor principal: Bosteels, Bruno
Format: Text
Etiquetes: Afegir etiqueta
Sense etiquetes, Sigues el primer a etiquetar aquest registre!

MARC

LEADER 00000 a a2200000 04500
001 9686
003
040
100 |a Bosteels, Bruno  
245 |a Politicas del sujeto /  |c Bruno Bosteels 
773 |g volumen 8, número 36; páginas 24-25  
999 |c 39252  |d 39252